Marketing Classics <A> Selection of Influential Articles

Salvato in:
Dettagli Bibliografici
Autore principale: Enis, Ben M.
Altri autori: Cox, Keith K.
Natura: Libro
Lingua:inglese
Pubblicazione: Boston Allyn and Bacon 1988
Edizione:6. ed.
Soggetti:
Tags: Aggiungi Tag
Nessun Tag, puoi essere il primo ad aggiungerne!!

MARC

LEADER 00000nam a2200000 4500
001 c001042
005 20221219121137.0
020 |a 0-205-11379-6 
041 0 |a eng 
044 |a US 
245 1 0 |a Marketing Classics  |b <A> Selection of Influential Articles  |c Ben M. Enis, Keith K. Cox 
250 |a 6. ed. 
264 1 |a Boston  |b Allyn and Bacon  |c 1988 
300 |a 544 s. 
610 2 0 |a marketing 
610 2 0 |a teórie ekonomické 
610 2 0 |a koncepcie 
610 2 0 |a spotrebitelia 
610 2 0 |a správanie 
610 2 0 |a stratégia podniková 
610 2 0 |a plánovanie strategické 
610 2 0 |a reklama 
610 2 0 |a distribúcia 
610 2 0 |a analýza trhu 
610 2 0 |a plánovanie výroby 
610 2 0 |a podnik 
100 1 |a Enis, Ben M. 
700 1 |a Cox, Keith K.